02164cas a2200445 450000100090000000300060000900500170001500700030003200800410003501000170007601600180009302200170011103500240012803700790015204001340023104200140036505000170037908200130039621000150040922200150042424500430043926000630048230000210054531000140056636200130058044000560059350000310064950000990068050005220077953000300130161000500133165000270138165000320140865000290144070000310146971000360150077600600153677600500159678000720164611171742AUA.120130510105825.0t|731115c19739999kyuqr p 0 a0eng  a 73644873 7 a0117649692Uk a0091-829621 a(OCoLC)ocm01787681  bLorraine Pellon, Business Manager, P.O. Box 1041, New Canaan, Conn., 06840 aDLCbengcDLCdOCoLCdNSDPdNSTdAIPdNSDPdNSTdMHdOCoLCdDLCdOCoLCdATLAdOCoLCdCaQQLdZP2dOCoLCdUKMGBdUkLSOAdOCoLCdDLC apccansdp00aBV2000b.M5504a266/.0070 aMissiology 0aMissiology00aMissiology.bRe-envisioning Missio Dei a[Wilmore, Ky, etc.,bAmerican Society of Missiology]c2009 av.bill.c23 cm. aQuarterly0 aJan 2009 aMissiology: Re-envisioning Missio DeivVol.37, No.1 a"An international review." aVols. for published for the American Society of Missiology by Sage Publications. aArticles: Missio Dei: a Trinitarian envisioning of a Non-Trinitarian theme; Missio Dei: envisioning an apostolic reading of scripture; Missio Dei: Christian history envisioned as cruciform apostolicity; Missio Dei: envisioning an apostolic practical theology; Missio Dei: integrating theological formulation for apostolic vocation presidential address; Toward a missional theology of participation: ecumenical reflections on contributions to Trinity, mission and church; Missio Dei: some implications for the church;  aAlso issued in online ed.24aAmerican Society of Missiology.vPeriodicals. 0aMissionsvPeriodicals. 6aMissiologievPériodiques. 6aMissionsvPériodiques. aJ. Nelson JenningseEditor2 aAmerican Society of Missiology.1 tMissiology (Online)w(DLC) 2004221990w(OCoLC)5734693608iOnline version:tMissiologyw(OCoLC)75993361302tPractical anthropologyx0032-633Xw(DLC) 63038045w(OCoLC)1762756